000
00231 a2200097 4500
001
53026
100
_a
Polak P
245
_a
Conjugate Direction Methods in Optimizations
260
_a
New York
_b
Springer
_c
090
_c
33344
_d
33344
942
_a
NUST-CAE
_c
M
_c
25941
999
_c
288099
_d
288099